000 00739cam a2200217 a 4500
020 _a061808293X
040 _cDLC
082 0 0 _a028 HOU 2002 A004 Or.
100 1 _aLesser, Wendy.
245 1 0 _aNothing remains the same :
_brereading and remembering /
260 _aBoston :
_bHoughton Mifflin,
_c2002.
300 _ax, 234 p. ;
_c22 cm.
500 _aIncludes index.
650 0 _aBooks and reading.
650 0 _aLiterature
856 4 1 _uhttp://www.loc.gov/catdir/samples/hm051/2001051622.html
856 4 1 _uhttp://www.loc.gov/catdir/toc/hm021/2001051622.html
856 4 2 _uhttp://www.loc.gov/catdir/description/hm021/2001051622.html
856 4 2 _uhttp://www.loc.gov/catdir/enhancements/fy0736/2001051622-b.html
942 _cEK
999 _c16402
_d16402